书目信息 |
| 题名: |
电力电子技术
|
|
| 作者: | 刘立平 主编 ;朱琼 , 史辉 编写 | |
| 分册: | ||
| 出版信息: | 北京 中国电力出版社 2007.08 |
|
| 页数: | 196页 | |
| 开本: | 26cm | |
| 丛书名: | ||
| 单 册: | ||
| 中图分类: | TM1 | |
| 科图分类: | ||
| 主题词: | 电力电子学--dian li dian zi xue--高等教育--教材 | |
| 电子资源: | ||
| ISBN: | 978-7-5083-5871-0 | |
| 000 | 01094nam0 2200277 450 | |
| 001 | 012008563373 | |
| 005 | 20080610175717.11 | |
| 010 | @a978-7-5083-5871-0@dCNY19.60 | |
| 100 | @a20080610d2007 em y0chiy0120 ea | |
| 101 | 0 | @achi |
| 102 | @aCN@b110000 | |
| 105 | @aak a 000yy | |
| 106 | @ar | |
| 200 | 1 | @a电力电子技术@Adian li dian zi ji shu@f刘立平主编@Fliu li ping zhu bian@g朱琼, 史辉编写@Gzhu qiong,shi hui bian xie |
| 210 | @a北京@c中国电力出版社@d2007.08 | |
| 215 | @a196页@c图@d26cm | |
| 300 | @a普通高等教育“十一五”规划教材 (高职高专教育) | |
| 320 | @a有书目 (第196页) | |
| 330 | @a本书共分九章,主要内容为电力电子器件、单项可控整流电路、三项可控整流电路、晶闸管的串并联及保护、晶闸管触发与驱动电路、有源逆变电路、交流开关与交流调压电路、无源逆变与变频电路、直流斩波电路。书后附录了10个电力电子技术实验。 | |
| 606 | 0 | @a电力电子学@Adian li dian zi xue@x高等教育@j教材 |
| 690 | @aTM1@v4 | |
| 701 | 0 | @a刘立平@Aliu li ping@4主编 |
| 702 | 0 | @a朱琼@Azhu qiong@4编写 |
| 702 | 0 | @a史辉@Ashi hui@4编写 |
| 801 | 0 | @aCN@bQSSK@c20080610 |
| 905 | @b725454-55@dTM1@eL644@f2 | |
| 电力电子技术/刘立平主编/朱琼, 史辉编写.-北京:中国电力出版社,2007.08 |
| 196页:图;26cm |
| 普通高等教育“十一五”规划教材 (高职高专教育) |
| ISBN 978-7-5083-5871-0:CNY19.60 |
| 本书共分九章,主要内容为电力电子器件、单项可控整流电路、三项可控整流电路、晶闸管的串并联及保护、晶闸管触发与驱动电路、有源逆变电路、交流开关与交流调压电路、无源逆变与变频电路、直流斩波电路。书后附录了10个电力电子技术实验。 |
| ● |
| 相关链接 |
|
|
|
正题名:电力电子技术
索取号:TM1/L644
 
预约/预借
| 序号 | 登录号 | 条形码 | 馆藏地/架位号 | 状态 | 备注 |
| 1 | 725454 | 207254549 | 自科库301/301自科库 6排4列1层/ [索取号:TM1/L644] | 在馆 | |
| 2 | 725455 | 207254558 | 自科库301/301自科库 6排4列1层/ [索取号:TM1/L644] | 在馆 |